000 00657nam a22001937a 4500
999 _c165468
_d165468
005 20190618171655.0
010 _aUR-10219
020 _c250.00
_a9789387539471
035 _aU-8774
037 _bDBAD/PUB
082 _a841
100 _aہا شمی ا حمد کما ل
245 _aآ د ھی غز ليں
_cہا شمی ا حمد کما ل
246 _bAdhi Ghazlen (Urdu)
_aby Ahmed Kamal Hashmi
260 _a Delhi
_bEducational Publishing House
_c2017ء
270 _a3191،Vakil Street,Kucha Pandit,Lal Kuan,
_bDelhi
_e110006
_k23216162
_l00911123211540
300 _a192ص
_c22 Cm(Hb)
942 _2ddc
_cUR
_h841
_mک م ا